[Event "Lugano New op-B 8th"]
[Site "Lugano"]
[Date "2015.04.03"]
[Round "1"]
[White "Cittadini, Dario"]
[Black "Fontana, Luca"]
[Result "1/2-1/2"]
[WhiteElo "1949"]
[BlackElo "1789"]
[PlyCount "120"]
[EventDate "2015.04.03"]
[EventType "swiss"]
[EventRounds "6"]
[EventCountry "SUI"]
[SourceTitle "CBM 165 Extra"]
[Source "ChessBase"]
[SourceDate "2015.04.21"]
[SourceVersion "1"]
[SourceVersionDate "2015.04.21"]
[SourceQuality "1"]

1. e4 e6 2. d4 d5 3. Nd2 c5 4. exd5 Qxd5 5. dxc5 Bxc5 6. Ngf3 Nf6 7. Be2 0-0 8. Nb3 Qxd1+ 9. Bxd1 Bb6 10. 0-0 Bd7 11. Be2 Nc6 12. c3 Rac8 13. Bf4 Bc7 14. Bxc7 Rxc7 15. Rad1 Rd8 16. h3 Be8 17. Rxd8 Nxd8 18. Nbd4 a6 19. Ne5 Nc6 20. Nexc6 Bxc6 21. Nxc6 Rxc6 22. Rd1 Kf8 23. Bf3 Rc7 24. g3 Ke7 25. Kf1 b6 26. Ke2 a5 27. Rd4 Nd7 28. Bg2 Ne5 29. Rd1 Rd7 30. Rxd7+ Nxd7 31. b4 Kd6 32. f4 f5 33. Kd3 e5 34. fxe5+ Nxe5+ 35. Kd4 g5 36. a3 Nc6+ 37. Bxc6 Kxc6 38. c4 Kd6 39. h4 gxh4 40. gxh4 h5 41. c5+ bxc5+ 42. bxc5+ Kc6 43. Ke5 Kxc5 44. Kxf5 Kc4 45. Kg5 Kb3 46. Kxh5 Kxa3 47. Kg4 a4 48. h5 Kb2 49. h6 a3 50. h7 a2 51. h8Q+ Kb1 52. Qh1+ Kb2 53. Qg2+ Kb1 54. Qf1+ Kb2 55. Qe2+ Kb1 56. Qd3+ Kb2 57. Qd2+ Kb1 58. Qb4+ Kc1 59. Qa3+ Kb1 60. Qb3+ Ka1 1/2-1/2